| 000 | 00664nam a22002177a 4500 | ||
|---|---|---|---|
| 999 |
_c750 _d750 |
||
| 005 | 20250224105850.0 | ||
| 008 | 211114b ||||| |||| 00| 0 eng d | ||
| 020 | _a9781447954194 | ||
| 040 | _cKCST | ||
| 082 |
_a423 _bLo |
||
| 110 |
_aLongman, Pearson _95522 |
||
| 245 |
_aLongman dictionary of contemporary English : _b[for advanced learners] / _cLongman - Pearson |
||
| 250 | _a6 | ||
| 260 |
_aHarlow, Essex : _bPearson; _c2014. _c[2019]. |
||
| 300 | _a2161 p. | ||
| 650 |
_aEnglish language _vTerms and phrases. _95523 |
||
| 650 |
_aEnglish language _vDictionaries. _95524 |
||
| 650 |
_aEnglish language. _92090 |
||
| 650 |
_aEnglish. _92093 |
||
| 942 |
_2ddc _cREF |
||